|
|
|
|
| LEADER |
01711cas a2200241 a 4500 |
| 001 |
AALejournalIMF001239 |
| 008 |
230101c9999 xx r poo 0 0eng d |
| 020 |
|
|
|c 5.00 USD
|
| 020 |
|
|
|z 9781451824438
|
| 022 |
|
|
|a 1934-7685
|
| 040 |
|
|
|a BD-DhAAL
|c BD-DhAAL
|
| 110 |
2 |
|
|a International Monetary Fund.
|
| 245 |
1 |
0 |
|a Republic of Latvia :
|b Staff Report for the 2000 Article IV Consultation and First Review Under the Stand-By Arrangement.
|
| 264 |
|
1 |
|a Washington, D.C. :
|b International Monetary Fund,
|c 2000.
|
| 300 |
|
|
|a 1 online resource (86 pages)
|
| 490 |
1 |
|
|a IMF Staff Country Reports
|
| 500 |
|
|
|a <strong>Off-Campus Access:</strong> No User ID or Password Required
|
| 500 |
|
|
|a <strong>On-Campus Access:</strong> No User ID or Password Required
|
| 506 |
|
|
|a Electronic access restricted to authorized BRAC University faculty, staff and students
|
| 520 |
3 |
|
|a With the resumption in growth, the economic recession triggered by the Russian crisis has ended. Additional efforts will be needed to reduce the current account deficit and increase its financing. The IMF staff commend the intention to streamline tax benefits granted to enterprises and to eliminate the benefits that are inconsistent with EU regulations. Financial sector development is imperative for continued external sustainability and economic growth. The government's ability to implement the privatization program and address the remaining impediments to an enabling business climate is crucial.
|
| 538 |
|
|
|a Mode of access: Internet
|
| 830 |
|
0 |
|a IMF Staff Country Reports; Country Report ;
|v No. 2000/078
|
| 856 |
4 |
0 |
|z Full text available on IMF
|u http://elibrary.imf.org/view/journals/002/2000/078/002.2000.issue-078-en.xml
|z IMF e-Library
|